[Event "EICC 2017"]
[Site "Minsk"]
[Date "2017.06.09"]
[Round "10"]
[White "Kantans, Toms"]
[Black "Santos Latasa, Jaime"]
[Result "1-0"]
[WhiteElo "2473"]
[BlackElo "2567"]
[Annotator "TA"]
[PlyCount "73"]
[EventDate "2017.??.??"]
[EventCountry "BLR"]
[SourceTitle "playchess.com"]
[Source "ChessBase"]
[SourceQuality "1"]

{[%evp 16,73,6,-1,21,0,-4,-10,-7,-12,-11,-11,-6,-12,-5,-14,4,15,10,-22,0,-1,30,-23,-30,-20,0,-17,0,-21,0,0,0,-12,0,-20,-29,-26,4,0,71,76,103,87,103,98,106,86,3190,3190,2121,1716,5506,5461,5461,5365,4994,4978,3123,3125]} 1. e4 c5 2. Nf3 d6 3. Bb5+ Nd7 4. d4 cxd4 5. Qxd4 a6 6. Bxd7+ Bxd7 7. O-O Rc8 {B51: Sicilian: Moscow Variation (3 Bb5+) without 3...Bd7} (7... e5 8. Qd3 Rc8 9. c4 b5 10. b3 h6 11. Nc3 bxc4 12. bxc4 Nf6 13. Be3 Be7 14. Rab1 O-O 15. h3 Qc7 16. Nd2 {½-½ (43) Anand,V (2786)-Giri,A (2771) Stavanger 2017}) 8. c4 Nf6 9. Nc3 {LiveBook: 5 Games} g6 $146 {The position is equal.} ({Predecessor:} 9... Bg4 10. e5 dxe5 11. Qxd8+ Rxd8 12. Nxe5 Bh5 13. h3 e6 14. Bg5 h6 15. Be3 {½-½ (39) Vakhidov,T (2435)-Gundavaa,B (2492) Ulaanbaatar 2016}) 10. e5 dxe5 11. Nxe5 Be6 12. Qh4 Bg7 {With the idea ...Nd7.} 13. Bh6 $1 {[%cal Rh6g7]} O-O {[%cal Bh8f8,Bf8d8,Bd8d4][%mdl 32]} 14. Bxg7 Kxg7 15. Rfe1 Qb6 16. b3 Rfd8 17. Ne4 Nxe4 (17... h6 $5 {[%cal Rd8d4]}) 18. Rxe4 Bf5 19. Re3 (19. Nxf7 $142 $1 Qf6 20. Qxf6+ Kxf6 21. Nxd8 Bxe4 22. Rd1) 19... Qf6 $11 20. Qf4 Be6 21. Qg3 Rd4 22. Rae1 Rcd8 23. h3 Rd1 24. a4 Qf5 25. Rxd1 Rxd1+ 26. Kh2 Qb1 {[%csl Gb1][%cal Rd1h1]} 27. Qh4 h6 (27... Qf5 $11 {keeps the balance.}) 28. Qxe7 $16 Rh1+ 29. Kg3 Qg1 {[#] Strongly threatening ...Rxh3+.} 30. Ng4 $1 Bxg4 31. hxg4 {[%mdl 4096] Endgame Threatens to win with Qe5+. KQR-KQR} Rh2 $2 {[%mdl 8192] [#]} (31... Qh2+ $16 32. Kf3 Rg1 33. Qe5+ Qxe5 34. Rxe5 Rb1) 32. Qe5+ $1 $18 {White is clearly winning.} Kg8 33. Qd5 {Re8+ would kill now.} Kf8 34. Qd8+ Kg7 35. Qd4+ Kh7 36. Qd5 $1 {[%csl LRb7,LRf7]} Kg7 37. Re7 {Precision: White = 48%, Black = 30%.} 1-0

[Event "EICC 2017"]
[Site "Minsk"]
[Date "2017.06.09"]
[Round "10"]
[White "Neverov, Valeriy"]
[Black "Donchenko, Alexander"]
[Result "1-0"]
[WhiteElo "2472"]
[BlackElo "2563"]
[Annotator "TA"]
[PlyCount "125"]
[EventDate "2017.??.??"]
[EventCountry "BLR"]
[SourceTitle "playchess.com"]
[Source "ChessBase"]
[SourceQuality "1"]

{[%evp 16,125,44,35,52,41,42,16,29,12,86,3,10,-2,-8,-2,67,67,74,54,164,163,165,165,170,192,189,38,45,39,62,47,39,47,43,38,66,66,66,66,114,106,108,107,105,105,84,86,108,81,89,89,190,187,162,160,221,214,314,300,411,405,422,374,608,509,836,840,694,678,1145,1024,1043,1060,1271,1246,1248,1174,1072,1062,1309,1233,12837,5800,12839,12840,12841,12840,12841,12841,12841,12838,12843,12843,12850,12846,29979,29980,12851,29981,12851,29982,29983,29983,29984,29985,29985,29983,29983,29983,29984,29982]} 1. d4 e6 2. c4 c5 3. d5 exd5 4. cxd5 g6 5. Nc3 Bg7 6. e4 d6 7. Bd3 a6 {A43: Schmid Benoni} (7... Nf6 8. h3 O-O 9. Nf3 a6 10. O-O b5 11. a3 Re8 12. Re1 Nbd7 13. Bf4 c4 14. Bc2 Nc5 15. Qd2 Bb7 16. Rad1 Qb6 17. Be3 Nfd7 18. Bd4 Bxd4 19. Qxd4 {0-1 (44) Shimanov,A (2594)-Korobov,A (2694) Moscow 2015}) 8. a4 Nd7 9. Nf3 {LiveBook: 6 Games} Ne5 {White is slightly better.} 10. Nxe5 Bxe5 11. a5 $146 ({Predecessor:} 11. Ra3 Qh4 12. g3 Qf6 13. Rb3 Bd4 14. Qe2 Qd8 15. O-O {½-½ (50) Holt,C (2530)-Cheng,B (2406) Arlington 2013}) 11... Nf6 12. f4 Bg4 (12... Bd4 $11 {remains equal.}) 13. Qa4+ (13. fxe5 $16 Bxd1 14. Bg5 dxe5 15. O-O) 13... Bd7 $11 14. Qa3 Bd4 15. Ne2 $36 {[%mdl 2048] White has good play.} Qe7 ({Black should try} 15... O-O $11) 16. Nxd4 $14 cxd4 17. O-O {And now f5 would win.} O-O {[#]} (17... Nxe4 $14 18. Re1 f5) 18. f5 $1 $18 Ng4 {[#]} 19. f6 $1 {[%cal Rf6e7][%mdl 512]} Qe5 {[%csl Gg4][%cal Re5h2]} (19... Nxf6 20. Bg5) 20. Bf4 Qxf6 21. Qxd6 $2 (21. Bxd6 $18 Qg7 22. Bxf8 Rxf8 23. Qd6) 21... Qxd6 $14 22. Bxd6 Rfe8 $1 23. Rac1 {Black must now prevent Rc7.} Rac8 $1 24. Rc7 Rxc7 25. Bxc7 Ne5 26. Bxe5 $1 Rxe5 {[%mdl 4096] Endgame KRB-KRB} 27. Rd1 Kf8 28. Bc2 Ke7 29. Rxd4 Kd6 30. Kf2 f5 31. Rb4 fxe4 32. Bxe4 {Threatens to win with Rb6+.} Bb5 {next ...Kc5 is good for Black.} 33. Bf3 Re7 (33... g5 $16) 34. Rf4 $18 Rc7 35. Rf6+ Kc5 (35... Ke5 $16 36. Rb6 Bc4) 36. Ke3 Rd7 (36... Re7+ {keeps fighting.} 37. Kf4 Kd4) 37. Kf4 Bc4 {[#]} 38. d6 $1 {[%mdl 512]} Kd4 (38... Rxd6 39. b4+) 39. h4 Rg7 $2 (39... Bb5 40. Bg4 Rd8) 40. g4 Bb3 (40... Bd5 $142 41. Be2 Bg2) 41. g5 Ba4 42. Bg4 Bd7 43. Be6 Bxe6 44. Rxe6 {KR-KR} Rf7+ 45. Kg4 Rd7 46. Re7 Rxd6 47. Rxh7 b6 48. h5 gxh5+ 49. Kxh5 bxa5 50. Rh6 Rd5 51. Rxa6 Kc4 52. Kh6 Kb5 53. Ra8 Ka4 54. g6 Rb5 55. g7 Rxb2 56. g8=Q Rh2+ 57. Kg5 Rg2+ 58. Kf4 Rxg8 {White mates.} 59. Rxg8 Kb3 60. Ke3 a4 61. Kd2 a3 62. Kc1 a2 63. Rg3+ {Precision: White = 77%, Black = 39%.} 1-0

[Event "EICC 2017"]
[Site "Minsk"]
[Date "2017.06.09"]
[Round "10"]
[White "Reshef, Omer"]
[Black "Fedorov, Alexei"]
[Result "1/2-1/2"]
[WhiteElo "2459"]
[BlackElo "2598"]
[Annotator "TA"]
[PlyCount "67"]
[EventDate "2017.??.??"]
[EventCountry "BLR"]
[SourceTitle "playchess.com"]
[Source "ChessBase"]
[SourceQuality "1"]

{[%evp 18,67,0,5,41,45,45,43,45,43,36,21,35,41,32,52,35,30,133,134,143,71,63,52,62,63,48,58,218,80,83,88,92,23,9,20,37,37,35,29,61,62,62,62,63,57,67,16,25,0,0,0]} 1. e4 c5 2. Nf3 Nc6 3. Bb5 e6 4. O-O Nge7 5. Re1 Nd4 6. Nxd4 cxd4 7. c3 a6 8. Bf1 {B30: Sicilian: 2...Nc6 3 Bb5, lines without ...g6} Nc6 9. Na3 Bc5 10. b4 {LiveBook: 7 Games} Be7 (10... Ba7 11. b5 Ne5 12. Nc4 Nxc4 13. Bxc4 Qc7 14. Qb3 axb5 15. Bxb5 dxc3 16. dxc3 {½-½ (31) Lu,S (2599)-Moiseenko,A (2692) Baku 2015}) 11. b5 $146 ({Predecessor:} 11. Bb2) 11... axb5 12. Nxb5 dxc3 13. dxc3 O-O 14. e5 f6 15. exf6 Bxf6 16. a4 d5 17. Ba3 Ne7 (17... Be7 $11 {keeps the balance.}) 18. Rb1 $16 e5 19. Bxe7 (19. Nd6 $142) 19... Bxe7 20. Rxe5 Bc5 $1 21. Rxd5 Qh4 22. Kh1 Bf5 $2 {[#]} (22... Qxf2 $14 23. Bc4 Kh8) 23. Bd3 (23. Rxc5 $18 {and the rest is easy.} Bxb1 24. Qxb1) 23... Qxf2 24. Bxf5 Rxf5 25. Rxf5 (25. h3 $16) 25... Qxf5 $11 26. Nd4 Bxd4 27. cxd4 Rxa4 {[%mdl 4096] Endgame KQR-KQR} 28. Qb3+ Kh8 29. Re1 $1 {[%cal Re1e8] [#] Intending Re8+ and mate.} ({Much weaker is} 29. Qxb7 h6 $11) 29... Ra8 30. Qxb7 Rf8 {( -> ...Qf1+!)} 31. h3 h6 32. d5 (32. Qb3 $14) 32... Rd8 33. d6 {Qc7 is the strong threat.} Qd3 34. Qe7 {Precision: White = 44%, Black = 38%.} 1/2-1/2

[Event "EICC 2017"]
[Site "Minsk"]
[Date "2017.06.09"]
[Round "10"]
[White "Sychev, Klementy"]
[Black "Neiksans, Arturs"]
[Result "1/2-1/2"]
[WhiteElo "2459"]
[BlackElo "2599"]
[Annotator "TA"]
[PlyCount "129"]
[EventDate "2017.??.??"]
[EventCountry "BLR"]
[SourceTitle "playchess.com"]
[Source "ChessBase"]
[SourceQuality "1"]

{[%evp 19,129,21,31,0,12,18,9,16,18,0,14,0,9,9,11,0,0,-11,-16,-14,-17,-16,-9,-33,6,-10,-3,-9,25,14,36,0,0,0,4,0,0,0,20,20,20,20,17,17,21,24,32,31,31,24,51,0,9,0,2,7,29,0,2,8,44,0,0,0,27,28,28,28,60,60,64,67,68,70,78,79,77,72,64,0,79,0,76,64,64,57,65,65,65,0,70,16,20,21,21,0,0,0,0,0,3,3,3,3,3,3,3,3,3,0,0,0]} 1. d4 Nf6 2. c4 e6 3. Nf3 b6 4. g3 Ba6 5. b3 Bb4+ 6. Bd2 Be7 7. Nc3 d5 8. cxd5 exd5 9. Bg2 O-O 10. O-O Re8 11. a3 {E15: Queen's Indian: 4 g3 sidelines, 4 g3 Ba6 and 4 g3 Bb7 early deviations} (11. Qc2 c5 12. Rfd1 Nc6 13. Bg5 h6 14. Bxf6 Bxf6 15. e3 cxd4 16. Nxd4 Nxd4 17. exd4 Rc8 18. Qd2 Bb7 {½-½ (46) Bu,X (2705)-Matlakov,M (2694) Doha 2016}) 11... Nbd7 12. Ne5 Bb7 13. b4 $146 ({Predecessor:} 13. Nd3 Ne4 14. b4 Ndf6 15. Qc2 Nxd2 16. Qxd2 Ne4 {½-½ (16) Littke,H (2060)-Geissler,W (2121) GER email 2010}) 13... Bf8 14. Nd3 Ne4 15. Rc1 a5 16. Bf4 c6 17. Re1 axb4 18. Nxe4 dxe4 19. Nxb4 c5 20. dxc5 Bxc5 21. Qb3 Qe7 (21... e3 $5 22. Bxe3 (22. fxe3 $2 Bxg2 23. Kxg2 g5 $19) 22... Bxg2 23. Kxg2 Bxe3 24. fxe3 Nc5 $17) 22. Red1 Nf6 23. Be3 $1 Red8 24. Rxd8+ Rxd8 25. Qc3 {[%cal Re3c5]} Bxe3 26. Qxe3 Qd6 27. h3 h6 28. Kh2 Qd4 29. Qxd4 Rxd4 30. e3 Rd2 31. Rc7 Rd7 32. Rc2 Rd8 33. g4 Kf8 34. Kg3 g5 35. Rc3 (35. Bf1 $14) 35... Rd1 (35... Rc8 $5 {[%cal Rc8c3]} 36. Na2 Rxc3 37. Nxc3 Ke7 $11) 36. Rc7 Rd7 37. Rc1 Rd8 38. Rc7 Rd7 39. Rc4 Rd6 40. Rc7 Rd7 41. Rc3 Rd6 42. Bf1 Nd5 43. Rc4 Nxb4 44. Rxb4 $11 {[%mdl 4096] Endgame KRB-KRB} Ke7 45. Bc4 Kf6 46. Bb3 Kg7 47. a4 Ba8 48. Bc2 Re6 49. Bb3 Rd6 50. Bc2 Re6 $1 51. Bb1 Bd5 52. h4 Kf6 53. Bc2 Ke7 54. Bb1 (54. Rd4 $14 Re5 55. h5) 54... Kf8 (54... Kf6 $1 $11) 55. hxg5 (55. Rd4 $14 Re5 56. Bc2) 55... hxg5 {The position is equal.} 56. Rb5 Rd6 57. a5 bxa5 58. Rxa5 Ke7 59. Bc2 Kf8 60. Ra4 Re6 61. Rd4 Re5 62. Rb4 Re6 63. Rb5 Rd6 64. Rc5 Ke7 65. Rb5 {Precision: White = 59%, Black = 67%.} 1/2-1/2

[Event "EICC 2017"]
[Site "Minsk"]
[Date "2017.06.09"]
[Round "10"]
[White "Grinberg, Eyal"]
[Black "Ruck, Robert"]
[Result "1/2-1/2"]
[WhiteElo "2457"]
[BlackElo "2557"]
[Annotator "TA"]
[PlyCount "95"]
[EventDate "2017.??.??"]
[EventCountry "BLR"]
[SourceTitle "playchess.com"]
[Source "ChessBase"]
[SourceQuality "1"]

{[%evp 14,95,0,0,0,1,4,4,0,-13,3,0,0,0,0,0,0,0,0,0,0,0,0,0,10,0,0,0,21,15,21,4,14,0,0,0,0,0,0,0,0,0,9,8,14,8,14,0,0,0,0,0,0,0,0,0,24,0,0,0,25,0,0,0,0,0,0,0,0,0,0,0,2,4,4,4,33,33,33,33,33,33,33,0]} 1. e4 c6 2. d4 d5 3. e5 Bf5 4. Nf3 e6 5. Be2 c5 6. O-O Nc6 7. Be3 cxd4 8. Nxd4 Nxd4 {B12: Caro-Kann: Advance Variation} (8... Nge7 9. Nf3 Ng6 10. c4 dxc4 11. Qa4 Qa5 12. Qxc4 Ngxe5 13. Nxe5 Nxe5 14. Qb3 Qb4 15. Nc3 a6 16. Qxb4 Bxb4 {0-1 (45) Movsesian,S (2673)-Navara,D (2725) Prague 2016}) 9. Bxd4 Ne7 10. Bb5+ Nc6 {The position is equal.} 11. Nd2 $146 ({Predecessor:} 11. c4 Bxb1 12. Rxb1 a6 13. Bxc6+ bxc6 14. cxd5 cxd5 15. Rc1 Be7 16. Rc6 {1-0 (42) Helledie,A (2237)-Christiansen,J (2129) Denmark 2013}) 11... Rc8 12. Nb3 a6 13. Bxc6+ Rxc6 14. c3 Bg6 15. Qd2 Be7 16. f4 Be4 17. Qf2 Qc7 18. Be3 g6 19. Qe2 h5 20. h3 h4 21. Rad1 Kf8 22. Bd4 (22. Nd2 $5 {[%cal Rd2e4]}) 22... Kg7 23. Qf2 (23. Nd2 $5 {[%cal Rd2e4]}) 23... b5 24. a3 a5 25. Rfe1 Ra8 26. Nd2 Bf5 27. Nf3 Rh8 28. Ra1 Be4 29. Nd2 Bf5 30. Nb3 Rb8 31. Ba7 Rb7 32. Be3 Rc4 33. Nd2 Rc6 34. Nb3 Be4 35. Nd2 Bd3 36. Nb3 Be4 37. Nd2 Bd3 38. Nb3 {[%cal Bd2b3,Bb3d4,Bd4f3,Bf3h2,Bh2g4,Bg4f6][%mdl 32]} Rb8 39. Nd4 Rc4 40. Nf3 Qd8 41. Bd4 Bf5 42. Nh2 Qh8 43. Ng4 Qh5 44. Nf6 Qh6 (44... Bxf6 $5 45. exf6+ Kg8 $11) 45. Rf1 {White is slightly better.} Bd3 46. Rfd1 {[#] Hoping for Ng4.} Bf5 47. Rd2 Rbc8 48. Kh1 {Precision: White = 65%, Black = 72%.} 1/2-1/2

[Event "EICC 2017"]
[Site "Minsk"]
[Date "2017.06.09"]
[Round "10"]
[White "Repka, Christopher"]
[Black "Boruchovsky, Avital"]
[Result "0-1"]
[WhiteElo "2452"]
[BlackElo "2557"]
[Annotator "TA"]
[PlyCount "60"]
[EventDate "2017.??.??"]
[EventCountry "BLR"]
[SourceTitle "playchess.com"]
[Source "ChessBase"]
[SourceQuality "1"]

{[%evp 15,60,5,10,10,23,23,23,23,22,15,18,10,18,12,16,20,43,45,52,24,39,0,0,0,0,0,0,-3,-4,-3,0,-7,0,0,0,0,-6,-682,-675,-655,-653,-647,-620,-762,-755,-757,-752]} 1. d4 Nf6 2. Nf3 e6 3. c4 d5 4. Nc3 Bb4 5. Qa4+ Nc6 6. e3 O-O 7. Qc2 {D38: Queen's Gambit Declined: Ragozin Defence (4 Nf3 Bb4)} Ne7 (7... dxc4 8. Bxc4 a6 9. a3 Bd6 10. O-O e5 11. h3 Bd7 12. Rd1 exd4 13. exd4 h6 14. Be3 Ne7 15. Ne5 b5 16. Ba2 c6 17. Ne4 Nxe4 18. Qxe4 Bf5 19. Qf3 {1-0 (37) Mamedyarov,S (2768)-Inarkiev,E (2709) Doha 2016}) 8. a3 Bxc3+ $1 {LiveBook: 3 Games} 9. Qxc3 {The position is equal.} a5 $146 ({Predecessor:} 9... dxc4 10. Bxc4 b6 11. O-O Bb7 12. Ne5 Ng6 13. Nxg6 hxg6 14. f3 c5 15. dxc5 {1-0 (57) Kempinski,R (2614)-Paichadze,L (2573) Reykjavik 2015}) 10. b3 b6 11. Bd3 a4 12. b4 dxc4 13. Qxc4 Bb7 14. Bb2 Nf5 (14... Bxf3 $5 15. gxf3 Nfd5 $14) 15. Rc1 Rc8 16. Qc2 Bxf3 17. gxf3 Nh4 18. Qxa4 c5 19. bxc5 Qd5 20. Be2 $1 Nxf3+ 21. Bxf3 Qxf3 22. Rg1 $1 Ne4 23. Qc2 $132 {[%mdl 2048] White puts up resistance} bxc5 24. Qe2 $1 {[%cal Re2f3]} Qf5 {[#] aiming for ...cxd4.} 25. f3 Ng5 26. e4 $2 {[%mdl 8192]} (26. dxc5 $11 f6 27. Rg3) 26... Nxf3+ $19 {Black is clearly winning.} 27. Kf2 Nxg1+ 28. Kxg1 Qg5+ 29. Kh1 cxd4 30. Rg1 Qe5 {Precision: White = 59%, Black = 72%.} 0-1

[Event "EICC 2017"]
[Site "Minsk"]
[Date "2017.06.09"]
[Round "10"]
[White "Hakobyan, Aram"]
[Black "Svetushkin, Dmitry"]
[Result "1-0"]
[WhiteElo "2449"]
[BlackElo "2573"]
[Annotator "TA"]
[PlyCount "77"]
[EventDate "2017.??.??"]
[EventCountry "BLR"]
[SourceTitle "playchess.com"]
[Source "ChessBase"]
[SourceQuality "1"]

{[%evp 14,77,40,33,24,29,42,12,52,52,52,52,48,48,58,43,122,138,116,138,158,54,45,83,80,50,47,10,20,17,5,0,11,0,0,0,0,-4,22,17,19,0,1,-15,-8,-10,0,4,6,0,176,177,175,172,145,140,151,147,218,235,259,241,29996,29997,29997,372]} 1. d4 Nf6 2. Nf3 e6 3. c4 Bb4+ 4. Bd2 a5 5. g3 d6 6. Bg2 Nbd7 7. O-O e5 8. e3 c6 {E11: Bogo-Indian} 9. Qb3 (9. Bc3 e4 10. Ne1 O-O 11. a3 Bxc3 12. Nxc3 Re8 13. f3 exf3 14. Qxf3 Nb6 15. b3 a4 16. c5 dxc5 17. dxc5 {½-½ (60) Bacrot,E (2705)-Fressinet,L (2706) Calvi 2013}) 9... e4 $146 ({Predecessor:} 9... Bxd2 10. Nfxd2 O-O 11. Nc3 Qc7 12. Qa3 Rd8 13. Rac1 Nf8 14. Nde4 Nxe4 15. Nxe4 Bf5 16. Rfd1 exd4 17. Rxd4 Ne6 18. Rd2 Bxe4 19. Bxe4 Nc5 20. Bg2 Qb6 21. Qc3 Qb4 {½-½ (21) Kantor,G (2348)-Turov,M (2594) Budapest 2014}) 10. Ng5 {[%cal Bf3g5,Bg5h3,Bh3f2,Bf2d3][%mdl 32]} Qe7 {The position is equal.} 11. Bxb4 axb4 12. Qxb4 h6 13. Nh3 g5 14. Nc3 Nf8 (14... O-O $14) 15. f4 exf3 16. Rxf3 N8h7 17. Rff1 (17. Nf2 $16) 17... Qxe3+ $14 18. Nf2 $1 Qxd4 19. Rad1 Qc5 20. Rde1+ Kf8 $1 21. Qxc5 dxc5 22. Nd3 Ra5 23. b3 Kg7 24. Re7 {Black must now prevent Ne5.} Re8 25. Rfe1 Kf8 26. Rxe8+ $1 Nxe8 27. Re5 f6 28. Rxc5 Ra7 29. a4 Ke7 30. a5 Nf8 {...Ne6 is the strong threat.} 31. Nb4 $36 {[%mdl 2048] White is more active.} Nd6 $2 {[#]} (31... Bd7 $11 {and Black stays safe.}) 32. Rxc6 $1 $18 {[%mdl 512]} Rxa5 (32... bxc6 33. Nxc6+) 33. Nbd5+ Ke6 34. Rc7 {Threatens to win with Bh3+.} Bd7 35. b4 Ra3 (35... Ra1+ $16 36. Kf2 Rc1) 36. c5 Nb5 37. Nxb5 Bxb5 $2 {[#]} (37... Ra1+ $18 38. Kf2 Ra2+ 39. Kg1 Ra1+ 40. Kf2 Ra2+ 41. Ke3 Rxg2) 38. Re7+ Kf5 39. Be4+ {Precision: White = 67%, Black = 51%.} 1-0

[Event "EICC 2017"]
[Site "Minsk"]
[Date "2017.06.09"]
[Round "10"]
[White "Erdogdu, Mert"]
[Black "Djukic, Nikola"]
[Result "1/2-1/2"]
[WhiteElo "2448"]
[BlackElo "2526"]
[Annotator "TA"]
[PlyCount "81"]
[EventDate "2017.??.??"]
[EventCountry "BLR"]
[SourceTitle "playchess.com"]
[Source "ChessBase"]
[SourceQuality "1"]

{[%evp 9,81,47,56,56,39,41,56,50,38,23,23,23,27,20,22,22,25,23,23,27,20,18,25,18,20,19,57,40,49,46,68,56,67,48,61,23,35,0,0,0,0,0,0,0,0,0,0,0,0,0,0,0,0,0,0,0,0,0,0,0,0,0,0,0,0,0,0,0,0,0,0,0,0,0]} 1. e4 g6 2. d4 Bg7 3. Nc3 d5 4. exd5 Nf6 5. Bc4 Nbd7 6. Bb3 {B06: Modern Defence} Nb6 7. Nf3 O-O 8. O-O {White is slightly better.} a5 {Black wants to play ...a4.} 9. a3 (9. a4 Nbxd5 10. Nxd5 Nxd5 11. h3 c6 12. Re1 Re8 13. c3 Bf5 14. Ne5 {1-0 (34) Gabrielian,A (2525)-Gochelashvili,D (2425) Sochi 2017}) 9... a4 10. Ba2 Nbxd5 11. Nxd5 Nxd5 12. c3 Bg4 13. h3 Bxf3 14. Qxf3 c6 15. Re1 e6 16. g3 $146 ({Predecessor:} 16. Bd2 Qf6 17. Qg3 Qf5 18. Bb1 Qh5 19. Re4 Qd1+ 20. Be1 f5 {0-1 (20) Christensen,J (2179)-Rewitz,P (2215) Aalborg 2016}) 16... Re8 17. h4 h5 18. Bg5 Qd6 19. Rad1 b5 20. Re2 Qf8 21. Qd3 Bh6 22. Bxh6 (22. Rde1 {is more complex.} Bxg5 23. hxg5 Rad8 24. Kg2 Rd7 25. Re5) 22... Qxh6 23. Bxd5 exd5 {The position is equal.} 24. Rde1 Qf8 25. Re3 Rad8 26. Kg2 Kg7 27. f3 Rxe3 28. Qxe3 $11 {[%mdl 4096] Endgame KQR-KQR} Qd6 29. Kf2 Qf6 30. Re2 Rd6 31. Qe8 Rd8 32. Qe5 Rd6 33. Qe8 Rd8 34. Qe7 Qxe7 35. Rxe7 {KR-KR} Kf8 36. Re3 (36. Rc7 {is interesting.} Rd6 37. Rc8+ Ke7 38. Ra8 Re6 39. Ra7+) 36... Re8 37. Rxe8+ Kxe8 38. Ke3 Ke7 39. Kf4 {[#] aiming for Kg5.} f6 $1 40. g4 Ke6 41. Kg3 {Precision: White = 76%, Black = 78%.} 1/2-1/2

[Event "EICC 2017"]
[Site "Minsk"]
[Date "2017.06.09"]
[Round "10"]
[White "Mikaelyan, Arman"]
[Black "Navara, David"]
[Result "0-1"]
[WhiteElo "2444"]
[BlackElo "2739"]
[Annotator "TA"]
[PlyCount "102"]
[EventDate "2017.??.??"]
[EventCountry "BLR"]
[SourceTitle "playchess.com"]
[Source "ChessBase"]
[SourceQuality "1"]

{[%evp 17,102,32,40,30,30,34,54,27,53,46,44,45,50,40,47,29,12,-22,30,0,14,16,6,10,25,-1,-9,0,76,89,120,113,133,0,0,0,380,378,367,385,349,366,318,0,169,152,215,218,208,205,381,392,360,10,105,89,91,96,129,0,0,-108,-91,-109,-107,-114,-111,-743,-739,-734,-695,-29987,-29988,-29988,-29989,-29989,-29990,-29990,-29991,-29991,-29992,-29992,-29990,-29990,-29991,-29993,-29994]} 1. d4 Nf6 2. Nf3 e6 3. c4 Bb4+ 4. Bd2 c5 5. Bxb4 cxb4 6. g3 O-O 7. Bg2 d6 8. O-O a5 9. a3 Na6 10. Qd3 {E11: Bogo-Indian} (10. Nbd2 Qc7 11. Rc1 b6 12. Ne1 Bb7 13. Qb3 e5 14. Nc2 Bxg2 15. Kxg2 bxa3 16. bxa3 Rfe8 17. Rfd1 h5 {1-0 (61) Vidit,S (2689)-Moiseenko,A (2657) Doha 2016}) 10... Qc7 11. Nbd2 h6 12. Ne1 {White is slightly better.} bxa3 $146 ({Predecessor:} 12... a4 13. axb4 Nxb4 14. Qc3 Qb6 15. b3 a3 16. Nd3 Nxd3 17. exd3 {1-0 (53) Ghosh,D (2570)-Visakh,N (2453) New Delhi 2017}) 13. bxa3 e5 14. Nc2 Bd7 15. Rab1 Bc6 16. Bxc6 bxc6 17. c5 d5 (17... dxc5 $142 18. dxe5 Rfd8) 18. Rb6 Nb8 19. Rfb1 Nbd7 20. Rb7 Qc8 21. e4 Re8 22. exd5 cxd5 (22... exd4 $1 $11 23. Qxd4 cxd5) 23. Qb5 $1 $36 {[%mdl 2048] White is in control.} exd4 24. c6 Ne5 25. Nxd4 (25. c7 $1 $16) 25... Qg4 $1 $11 {[%cal Rg4d4]} 26. Qb6 Ne4 $2 {[%mdl 8192]} (26... Rac8 $1 $11) 27. f3 $18 {[%cal Bf2f3,Bf3f4][%mdl 32]} Qg5 28. f4 (28. fxe4 Qxd2 29. Qb2 Qe3+ 30. Qf2 Qxd4 $11) 28... Qh5 29. Nxe4 (29. fxe5 Nxd2 30. e6 fxe6 $17) 29... Ng4 30. Nf6+ $2 ({Only move:} 30. h4 $18 dxe4 31. Qb5) 30... Nxf6 $2 (30... gxf6 $11 {and Black is okay.} 31. Qb2 Rac8) 31. c7 Ng4 (31... Rac8 $16 32. Qxa5 Qg6) 32. Qb2 Rac8 33. Rb8 Qg6 $2 (33... Kh7 34. Rxc8 Rxc8) 34. Rxc8 Rxc8 35. Rc1 $2 (35. Qb8 $1 $18 {[%cal Rb8c8]} Kh7 36. Re1) 35... Qf6 (35... Qd3 $11 {remains equal.}) 36. h3 Ne3 {aiming for ...Nc4.} 37. Rc6 $1 {[%cal Rc6f6]} Qe7 {[#]} 38. Qb7 (38. Qe2 $1 $16) 38... Qe8 $11 39. Qxc8 (39. Rc3 $11) 39... Qxc8 $17 40. Nb5 {[#]} Kh7 $1 41. g4 {[#] Strongly threatening Nd6.} d4 $1 {[%cal Bd5d4,Bd4d3][%mdl 32]} 42. Kf2 $2 {[%mdl 8192]} (42. Nd6 $17 Qe6 43. c8=Q) (42. Nxd4 Nd5) 42... Nd1+ $19 43. Kf1 d3 44. Na7 Qe8 {Black mates.} 45. c8=Q Qe2+ 46. Kg1 Qf2+ 47. Kh1 Qf3+ 48. Kh2 Qxf4+ 49. Kh1 Qf3+ 50. Kh2 Ne3 {[%csl Ge3][%cal Rf3g2]} 51. Rxh6+ gxh6 {Precision: White = 51%, Black = 45%.} 0-1